000 01859cam a22003371i 4500
003 SA-RiAUC
005 20250519064715.0
008 250518s1997 su g 00000 ara c
040 _aSA-RiAUC
_bara
_cSA-RiAUC
_erda
082 0 4 _a251.6
090 _a251.6
_bا ب ن ع
100 1 _aابن عبد السلام، عبد العزيز بن عبد السلام بن أبي القاسم،
_d577-660 هجري
_eمؤلف.
245 1 0 _aمختصر الفوائد في أحكام المقاصد، المعروف، بالقواعد الصغرى /
_cتأليف أبي محمد عز الدين بن عبد العزيز بن عبد السلام أبي القاسم الشافعي ؛ تقديم وتحقيق وتعليق صالح بن عبد العزيز بن إبراهيم آل منصور.
246 3 0 _aالفوائد في أحكام المقاصد
246 3 3 _aالقواعد الصغرى
250 _aالطبعة الأولى.
264 1 _aالرياض :
_bدار الفرقان،
_c1997
300 _a242 صفحة ؛
_c24 سم
336 _aنص
_btxt
_2rdacontent
_3كتاب
337 _aبدون وسيط
_bn
_2rdamedia
338 _aمجلد
_bnc
_2rdacarrier
500 _aهذا الكتاب اختصار لكتاب قواعد الأحكام في مصالح الأنام، المسمى، القواعد الكبرى للمؤلف.
650 7 _aالقواعد الفقهية
_2aucsh
650 7 _aأصول الفقه الإسلامي
_2aucsh
650 7 _aالاجتهاد (أصول فقه)
_2aucsh
700 1 _aآل منصور، صالح بن عبد العزيز بن إبراهيم،
_d1355 هجري-
_eمقدم.
740 0 2 _aقواعد الأحكام في مصالح الأنام، المسمى، القواعد الكبرى.
740 2 2 _aالقواعد الكبرى.
942 _2ddc
_cBOOK
_n0
949 _aSA-JeALM
_d250518
_uosman123
_n1
999 _c8063
_d8063